Здоровьесберегающая деятельность в системе образования: теория и практика (Запись № 1624362)

Подробности
000 -МАРКЕР
контрольное поле 02632nam0a2200373 4500
001 - ИДЕНТИФИКАТОР ЗАПИСИ
контрольное поле RU\NLR\bibl\1476162
005 - ИДЕНТИФИКАТОР ВЕРСИИ
контрольное поле 20260409075418.0
010 ## - МЕЖДУНАРОДНЫЙ СТАНДАРТНЫЙ НОМЕР КНИГИ (ISBN)
Номер (ISBN) 978-5-7148-0328-4
Тираж 1000
021 ## - НОМЕР ГОСУДАРСТВЕННОЙ РЕГИСТРАЦИИ
Код страны Российская Федерация
Номер 2009-104466
Номер Листа государственной регистраци 6649
035 ## - ДРУГИЕ СИСТЕМНЫЕ НОМЕРА
Идентификатор записи (nilc)RSL-KNO-004501547
035 ## - ДРУГИЕ СИСТЕМНЫЕ НОМЕРА
Идентификатор записи (NLR Aleph) 001467829
100 ## - ДАННЫЕ ОБЩЕЙ ОБРАБОТКИ
Данные общей обработки 20091221d2009 |||y0rusy50 ca
101 0# - ЯЗЫК РЕСУРСА
Язык текста, звукозаписи и т.д. русский
102 ## - СТРАНА ПУБЛИКАЦИИ ИЛИ ПРОИЗВОДСТВА
Страна публикации Российская Федерация
105 ## - ПОЛЕ КОДИРОВАННЫХ ДАННЫХ: ТЕКСТОВЫЕ МАТЕРИАЛЫ, МОНОГРАФИЧЕСКИЕ
Кодированные данные о монографическом текстовом документе a |||||||||
200 1# - ЗАГЛАВИЕ И СВЕДЕНИЯ ОБ ОТВЕТСТВЕННОСТИ
Основное заглавие Здоровьесберегающая деятельность в системе образования: теория и практика
Сведения, относящиеся к заглавию учебное пособие
-- для студентов, обучающихся по специальностям 050703 "Дошкольная педагогика и психология", 050707 "Педагогика и методика дошкольного образования", 050711 "Социальная педагогика", 050720 "Физическая культура"
Первые сведения об ответственности Кемер. гос. ун-т [и др.
Последующие сведения об ответственности М.С. Яницкий и др.
-- под науч. ред. Э.М. Казина, д.б.н., проф., засл. деят. науки РФ]
210 ## - ПУБЛИКАЦИЯ, РАСПРОСТРАНЕНИЕ И ДР.
Место издания, распространения и т.д. Кемерово
Имя издателя, распространителя и т. д. Изд-во КРИПКиПРО
Дата издания, распространения и т.д. 2009
215 ## - ФИЗИЧЕСКАЯ ХАРАКТЕРИСТИКА
Специфическое обозначение материала и объем 347 с.
Другие сведения о физической характеристике ил.
Размеры 21
300 ## - ОБЩИЕ ПРИМЕЧАНИЯ
Текст примечания На обл. подзаг.: Учебное пособие для вузов и системы дополнительного профессионального образования
300 ## - ОБЩИЕ ПРИМЕЧАНИЯ
Текст примечания В надзаг. также: Ин-т возрастной физиологии Рос. акад. образования, Деп. образования и науки Кемер. обл., Кузбас. рег. ин-т повышения квалификации и переподгот. работников образования, Кемер. обл. психол.-валеол. центр
320 ## - ПРИМЕЧАНИЯ О НАЛИЧИИ В ДОКУМЕНТЕ БИБЛИОГРАФИИ / УКАЗАТЕЛЯ
Текст примечания Библиогр.: с. 297-308 (143 назв.)
606 ## - НАИМЕНОВАНИЕ ТЕМЫ КАК ПРЕДМЕТ
-- rus
Наименование темы Валеология в образовании
-- ca
Формальный подзаголовок Учебные издания
Идентификатор авторитетной/нормативной записи RU\NLR\auth\661460203
Системный номер авторитетной/нормативной записи 2456734
686 ## - ИНДЕКСЫ ДРУГИХ КЛАССИФИКАЦИЙ
Индекс Ч421,6(2)354я73-1
Код системы
686 ## - ИНДЕКСЫ ДРУГИХ КЛАССИФИКАЦИЙ
Индекс Р128.94-36я73-1
Код системы
686 ## - ИНДЕКСЫ ДРУГИХ КЛАССИФИКАЦИЙ
Индекс Ч313.54я7
702 #1 - ИМЯ ЛИЦА - ВТОРИЧНАЯ ОТВЕТСТВЕННОСТЬ
Начальный элемент ввода Казин
Часть имени, кроме начального элемента ввода Э. М.
Даты 1938-
Расширение инициалов личного имени Эдуард Михайлович
Код отношения Редактор
702 #1 - ИМЯ ЛИЦА - ВТОРИЧНАЯ ОТВЕТСТВЕННОСТЬ
Код отношения Составитель
Материалы, к которым относится поле rus
Графика поля Кириллица
Начальный элемент ввода Яницкий
Часть имени, кроме начального элемента ввода М. С.
Даты 1966-
Расширение инициалов личного имени Михаил Сергеевич
Идентификатор авторитетной/нормативной записи RU\NLR\auth\7738790
Системный номер авторитетной/нормативной записи 21774
712 02 - НАИМЕНОВАНИЕ ОРГАНИЗАЦИИ - ВТОРИЧНАЯ ОТВЕТСТВЕННОСТЬ
Код отношения Прочие
Начальный элемент ввода Кемеровский государственный университет
Идентификатор авторитетной/нормативной записи RU\NLR\AUTH\8810945
Системный номер авторитетной/нормативной записи 294531
801 #0 - ИСТОЧНИК ЗАПИСИ
Страна Российская Федерация
Организация РГБ
Дата составления 20091221
Правила каталогизации rcr
801 #1 - ИСТОЧНИК ЗАПИСИ
Страна Российская Федерация
Организация РГБ
Дата составления 20091221
801 #2 - ИСТОЧНИК ЗАПИСИ
Страна Российская Федерация
Организация NLR
Дата составления 20100220
Правила каталогизации rcr
942 ## - ДОПОЛНИТЕЛЬНЫЕ ЭЛЕМЕНТЫ ЗАПИСИ (АБИС)
Тип экземпляра АБИС Книга
980 ## - КОЛЛЕКЦИЯ
Название коллекции Национальная библиография
Экземпляры
Тип экземпляра Дата поступления Источник поступления Библиотека постоянного хранения Библиотека текущего хранения Место хранения Шифр хранения Штрих-код Статус экземпляра
Книга 20.02.2010 Обязательный экземпляр РНБ (Московский) РНБ (Московский) Русский книжный фонд: издания с 1957 года 2010-3/5269 3107975  
Книга 20.02.2010 Обязательный экземпляр РНБ (Московский) РНБ (Московский) Русский книжный фонд: издания с 1957 года 2010-3/5269 3107977